00917cam a2200217 i 450000500170000000800410001702000150005804000240007304100080009708200190010510000280012424501520015226000650030430000280036965000270039765000480042465000360047294200150050899900130052395201630053620200104041515.0960308s1994 cr 000 0 spa  a9968702013 aDLCcDLCdCO-BoIAVH1 aspa04a333.9516bR35p1 aReid, Walter V.,d1956-13aLa prospección de la biodiversidad :bel uso de los recursos genéticos para el desarrollo sostenible /cWalter V. Reid y (otros siete autores). aSan José :bInstituto Nacional de la Biodiversidad,c1994. a387 páginas ;c22 cm.14aDiversidad biológica24aConservación de la diversidad biológica24aProtecciòn del medio ambiente 2ddccLIBRO c839d839 00102ddc40708GENERALIINV2017aBogotabBogotad1998-10-11eInstitutog39000.00l0oLB-333.9516 R35pp001181r2012-12-04 00:00:00tEj. 1w2012-12-04yLIBRO